| 000 | 00000nam##2200000za#4500 |
| 001 | 9.643292 |
| 003 | CaOODSP |
| 005 | 20210624224112 |
| 007 | cr ||||||||||| |
| 008 | 150407|1995||||xxc|||||o f|0| 0 fre|d |
| 040 | |aCaOODSP|bfre |
| 043 | |an-cn--- |
| 086 | 1 |aEn108-4/65-1995F-PDF |
| 110 | 1 |aCanada.|bConseil canadien des ministres de l'environnement. |
| 245 | 10|aRapport présenté au Conseil canadien des ministres de l'Environnement par le Groupe d'étude sur les véhicules et les carburants moins polluants |h[ressource électronique] |
| 260 | |aWinnipeg - Manitoba : |bConseil canadien des ministres de l'environnement |c[1995]. |
| 300 | |a5p. |
| 590 | |a14-21-Supp|b2014-12-11 |
| 691 | 07|aAutomobile|2gcpds |
| 691 | 07|aCarburant|2gcpds |
| 691 | 07|aÉmission atmosphérique|2gcpds |
| 775 | 08|tReport to the Canadian Council of Ministers of the Environment by the Task Force on Cleaner Vehicles and Fuels |w(CaOODSP)9.699177 |
| 856 | 40|ahttp://publications.gc.ca|qPDF|s84 Ko|uhttps://publications.gc.ca/collections/collection_2014/ec/En108-4-65-1995-fra.pdf |